[Event "Championnat de Paris Open A"]
[Site "Paris"]
[Date "2010.07.07"]
[Round "5.11"]
[White "Cirlan, Ionut-Gheorghe"]
[Black "Xheladini, Mahmut"]
[Result "1-0"]
[WhiteElo "2110"]
[BlackElo "2286"]
[PlyCount "87"]
[EventDate "2010.??.??"]

1. e4 c6 2. Nc3 d6 3. d4 Nd7 4. f4 e5 5. Nf3 Qa5 6. Be2 Ngf6 7. O-O Be7 8. Kh1
O-O 9. Qe1 Re8 10. dxe5 dxe5 11. f5 b5 12. Bd3 Bb7 13. Qg3 a6 14. Bd2 Qc7 15.
a4 b4 16. Nd1 c5 17. c3 Nxe4 18. Bxe4 Bxe4 19. Bh6 Bf8 20. Ne3 f6 21. Nd2 Bb7
22. Nec4 Rad8 23. Rad1 Nb8 24. Be3 Rd7 25. Nf3 Rxd1 26. Rxd1 Be4 27. Qf2 Rc8
28. Ne1 Qf7 29. Nb6 Rc6 30. a5 Be7 31. Nd3 Qh5 32. Rf1 Qh3 33. Kg1 Bxg2 34.
Qxg2 Qxe3+ 35. Kh1 Qd4 36. Nf2 Rd6 37. Qa8 Rd8 38. Rd1 Qxf2 39. Rxd8+ Bxd8 40.
Qd5+ Kf8 41. Qxd8+ Kf7 42. Qc7+ Ke8 43. Qxb8+ Ke7 44. Nd5+ 1-0

[Event "Championnat de Paris Open A"]
[Site "Paris"]
[Date "2010.07.07"]
[Round "5.12"]
[White "Elishev, Ivan"]
[Black "Leuly, Max"]
[Result "1-0"]
[WhiteElo "2214"]
[BlackElo "2107"]
[PlyCount "49"]
[EventDate "2010.??.??"]

1. e4 c5 2. Nf3 d6 3. d4 cxd4 4. Nxd4 Nf6 5. Nc3 g6 6. Be3 Bg7 7. f3 O-O 8. Bc4
Nc6 9. Qd2 Bd7 10. O-O-O Ne5 11. Bb3 Rc8 12. h4 Nc4 13. Bxc4 Rxc4 14. h5 Nxh5
15. g4 Nf6 16. Kb1 Re8 17. Nd5 e6 18. Nxf6+ Qxf6 19. Qh2 d5 20. e5 Qxe5 21. Bf4
Qf6 22. Qxh7+ Kf8 23. Bd6+ Re7 24. g5 Qxg5 25. f4 1-0

[Event "Championnat de Paris Open A"]
[Site "Paris"]
[Date "2010.07.07"]
[Round "5.13"]
[White "Van Zutphen, Jimmy"]
[Black "Gravier, Laurent"]
[Result "1/2-1/2"]
[WhiteElo "2203"]
[BlackElo "2098"]
[PlyCount "38"]
[EventDate "2010.??.??"]

1. d4 d5 2. Bg5 c5 3. e3 Nf6 4. Bxf6 exf6 5. c3 Nc6 6. g3 Bd6 7. Bg2 cxd4 8.
cxd4 Bf5 9. a3 Qb6 10. Nc3 Qxb2 11. Nge2 O-O 12. O-O Rac8 13. Nxd5 Rfe8 14.
Nec3 Qc2 15. Qxc2 Bxc2 16. Rfc1 Bd3 17. Bf1 Bf5 18. Nb5 Bf8 19. Nf4 a6 1/2-1/2

[Event "Championnat de Paris Open A"]
[Site "Paris"]
[Date "2010.07.07"]
[Round "5.14"]
[White "Wilen, Eero"]
[Black "Talbi, Boumedienne"]
[Result "0-1"]
[WhiteElo "2110"]
[BlackElo "2202"]
[PlyCount "52"]
[EventDate "2010.??.??"]

1. d4 Nf6 2. c4 c5 3. d5 b5 4. cxb5 a6 5. b6 Qxb6 6. Nc3 g6 7. g3 d6 8. Bg2 Bg7
9. Nf3 O-O 10. O-O Nbd7 11. h3 Ne8 12. Qc2 Nc7 13. Rd1 Nb5 14. e3 Nf6 15. Nd2
Bf5 16. Qb3 Rfb8 17. Nxb5 axb5 18. e4 Bc8 19. Qc2 Nd7 20. Nf3 b4 21. Nd2 Ba6
22. Bf1 Ne5 23. Nc4 Bxc4 24. Bxc4 Nxc4 25. Qxc4 Qb5 26. Qf1 c4 0-1

[Event "Championnat de Paris Open A"]
[Site "Paris"]
[Date "2010.07.07"]
[Round "5.15"]
[White "Dicko, Henri"]
[Black "N'Kada, Alexandre"]
[Result "1-0"]
[WhiteElo "2191"]
[BlackElo "2076"]
[PlyCount "93"]
[EventDate "2010.??.??"]

1. e4 c5 2. Nf3 e6 3. d4 cxd4 4. Nxd4 a6 5. Bd3 Bc5 6. Nb3 Ba7 7. O-O Nc6 8.
Nc3 Nf6 9. Bg5 Qc7 10. Kh1 h5 11. Bxf6 gxf6 12. Qf3 Qe5 13. Rae1 Bb8 14. Qh3
Qg5 15. Ne2 Qg4 16. Qe3 Rg8 17. g3 b5 18. f3 Qg5 19. f4 Qg7 20. Qf3 Qg4 21. Qg2
Ba7 22. f5 Qg5 23. fxe6 fxe6 24. Qf3 Ke7 25. Nf4 h4 26. gxh4 Qg7 27. Nh5 Ne5
28. Qxf6+ Qxf6 29. Nxf6 Rg6 30. Nd5+ Kd6 31. Nf4 Rg4 32. h5 Bb7 33. Na5 Bc6 34.
Nxc6 dxc6 35. Rd1 Ke7 36. Be2 Rg5 37. h3 Rag8 38. Bg4 Nxg4 39. hxg4 Rxg4 40.
Ng6+ Ke8 41. Rf6 Rg3 42. Kh2 Bb8 43. e5 R3xg6 44. Rxg6 Bxe5+ 45. Kh3 Rxg6 46.
hxg6 Ke7 47. Rf1 1-0

[Event "Championnat de Paris Open A"]
[Site "Paris"]
[Date "2010.07.07"]
[Round "5.16"]
[White "Carrillo, Jesus"]
[Black "Samoun, Florent"]
[Result "0-1"]
[WhiteElo "2081"]
[BlackElo "2160"]
[PlyCount "74"]
[EventDate "2010.??.??"]

1. e4 Nf6 2. d3 d6 3. Nf3 e5 4. g3 g6 5. Bg2 Bg7 6. O-O O-O 7. Nbd2 Re8 8. h3
c6 9. Re1 Qc7 10. Nf1 d5 11. g4 dxe4 12. dxe4 b6 13. Ng3 Bb7 14. Bd2 c5 15. Qc1
Nc6 16. c3 Nd7 17. Bh6 Bf6 18. Nh2 c4 19. Bf1 b5 20. Qe3 Nd8 21. Rad1 Ne6 22.
g5 Be7 23. Ng4 Red8 24. h4 Nf4 25. Qf3 Nc5 26. Nf6+ Bxf6 27. gxf6 Qc6 28. Rxd8+
Rxd8 29. Qg4 Qxf6 30. Bg5 Qb6 31. Bxd8 Qxd8 32. Rd1 Qf6 33. f3 Qb6 34. Kh2 Ncd3
35. Rd2 Qe3 36. Rd1 Qf2+ 37. Kh1 h5 0-1

[Event "Championnat de Paris Open A"]
[Site "Paris"]
[Date "2010.07.07"]
[Round "5.17"]
[White "Marchadour, Claire"]
[Black "Gouanelle, Franck"]
[Result "0-1"]
[WhiteElo "2072"]
[BlackElo "2158"]
[PlyCount "96"]
[EventDate "2010.??.??"]

1. e4 c5 2. Nf3 d6 3. d4 cxd4 4. Nxd4 Nf6 5. Nc3 a6 6. a4 e6 7. Be2 Be7 8. O-O
O-O 9. Be3 Qc7 10. h3 Nc6 11. Nxc6 bxc6 12. a5 d5 13. exd5 cxd5 14. Na4 Bb7 15.
Bb6 Qc6 16. Bd4 Nd7 17. f4 f6 18. Bg4 Rae8 19. Qe1 Nc5 20. Nc3 Ne4 21. Nxe4
dxe4 22. Qc3 f5 23. Qxc6 Bxc6 24. Be2 Ra8 25. c4 Bb4 26. Bb6 Kf7 27. Rfd1 Rfb8
28. Kf1 h6 29. c5 e3 30. Rd6 Rc8 31. Rxc6 Rxc6 32. Bf3 Rac8 33. Bxc6 Rxc6 34.
Rc1 g5 35. fxg5 hxg5 36. Rc4 Bd2 37. Rd4 e5 38. Rd8 f4 39. Ke2 Bb4 40. Ra8 Bxc5
41. Ra7+ Ke6 42. Bxc5 Rxc5 43. Rxa6+ Kf5 44. b4 Rc2+ 45. Kf1 Rf2+ 46. Ke1 Rxg2
47. Ra8 f3 48. Rf8+ Ke4 0-1

[Event "Championnat de Paris Open A"]
[Site "Paris"]
[Date "2010.07.07"]
[Round "5.18"]
[White "Ferry, Roger"]
[Black "Anes, Emmanuel"]
[Result "0-1"]
[WhiteElo "2063"]
[BlackElo "2139"]
[PlyCount "142"]
[EventDate "2010.??.??"]

1. d4 g6 2. Nf3 Bg7 3. Bf4 Nf6 4. e3 O-O 5. Nbd2 d6 6. c3 Nc6 7. Bc4 Nd7 8. O-O
e5 9. Bg5 Qe8 10. Qc2 Kh8 11. dxe5 Ndxe5 12. Be2 Nd8 13. Bxd8 Qxd8 14. Nxe5
dxe5 15. Rfd1 Qe7 16. e4 f5 17. exf5 gxf5 18. Nf1 Be6 19. Ne3 c6 20. c4 f4 21.
Nf1 Bf5 22. Qb3 e4 23. Rac1 c5 24. f3 Bd4+ 25. Kh1 Qh4 26. Nd2 Qf2 27. fxe4
Qxe2 28. exf5 Be3 29. Qc3+ Kg8 30. Qe5 Rae8 31. Qd5+ Kh8 32. f6 Rd8 33. Qe5
Rde8 34. Qc3 Bd4 35. Qf3 Rxf6 36. Qxe2 Rxe2 37. Nf3 Bxb2 38. Rd8+ Kg7 39. Rcd1
Rfe6 40. h3 Bf6 41. R8d7+ Re7 42. a4 Rxd7 43. Rxd7+ Re7 44. Rd5 b6 45. Kg1 Re4
46. Nd2 Re1+ 47. Kf2 Re3 48. Rd7+ Kg6 49. Nf3 Rc3 50. Rxa7 Rc2+ 51. Kf1 Rxc4
52. Ra6 Rb4 53. a5 bxa5 54. Rxa5 c4 55. Ra2 c3 56. Rc2 Kf5 57. Ke2 Ke4 58. Ne1
Rb1 59. Nd3 Bd4 60. Ne1 Rb3 61. Nf3 h6 62. Ne1 Rb8 63. Kf1 Rb1 64. Ke2 Rb3 65.
Kd1 Be3 66. Ke2 Kd4 67. Nf3+ Kc4 68. Ne5+ Kd4 69. Nc6+ Ke4 70. Na5 Rb2 71. Kd1
Kd3 0-1

[Event "Championnat de Paris Open A"]
[Site "Paris"]
[Date "2010.07.07"]
[Round "5.19"]
[White "Koch, Alain"]
[Black "Poelstra, Ben"]
[Result "0-1"]
[WhiteElo "2011"]
[BlackElo "2117"]
[PlyCount "172"]
[EventDate "2010.??.??"]

1. d4 Nf6 2. Nc3 d5 3. f3 Bf5 4. Bf4 e6 5. a3 c5 6. e3 Nc6 7. Bb5 cxd4 8. exd4
Bd6 9. Nge2 O-O 10. Bxc6 bxc6 11. Bxd6 Qxd6 12. Ng3 Bg6 13. O-O c5 14. dxc5
Qxc5+ 15. Rf2 Rab8 16. Na4 Qc6 17. b3 Rfc8 18. c3 Qb5 19. b4 Rc4 20. Ne2 Nd7
21. Nb2 Rc7 22. a4 Qb7 23. a5 f6 24. a6 Qc8 25. f4 Nc5 26. Ng3 Bf7 27. bxc5
Rxc5 28. Na4 Rc4 29. Ne2 Bg6 30. f5 Bxf5 31. Rxf5 exf5 32. Qxd5+ Kh8 33. Qd1
Rc6 34. Rb1 Rxb1 35. Qxb1 Rxa6 36. Qb5 Rc6 37. Nd4 Rc4 38. Nxf5 a6 39. Qb3 Qe6
40. Qb8+ Rc8 41. Qf4 g6 42. Nd4 Qe1+ 43. Qf1 Qxf1+ 44. Kxf1 Rc4 45. Nb6 Rxc3
46. Ke2 Kg7 47. Nd5 Ra3 48. Nc2 Ra5 49. Nde3 f5 50. Kf3 Kf6 51. h3 Ra4 52. g3
Ke5 53. Ng2 g5 54. h4 h6 55. hxg5 hxg5 56. Nge3 a5 57. Ne1 g4+ 58. Kf2 Ke4 59.
N3g2 Ra2+ 60. Kf1 a4 61. Nf4 Rd2 62. Ne6 a3 63. Nc5+ Ke3 64. Ng2+ Kf3 65. Nh4+
Kxg3 66. Nxf5+ Kh2 67. Ne3 g3 68. Ke1 g2 69. Kxd2 g1=Q 70. Nb3 a2 71. Nc2 Qb1
72. Nca1 Qb2+ 73. Kd3 Kg3 74. Kc4 Kf2 75. Kd3 Kf3 76. Nd2+ Kf4 77. Ndb3 Ke5 78.
Kc4 Ke4 79. Nc5+ Ke3 80. Ncb3 Ke2 81. Nd4+ Kf2 82. Ndb3 Ke3 83. Kc5 Kd3 84. Kb4
Qb1 85. Ka3 Kc3 86. Ka4 Qb2 0-1

[Event "Championnat de Paris Open A"]
[Site "Paris"]
[Date "2010.07.07"]
[Round "5.20"]
[White "Lemeille, Francois"]
[Black "Debeaune, Robin"]
[Result "1/2-1/2"]
[WhiteElo "1975"]
[BlackElo "2115"]
[PlyCount "92"]
[EventDate "2010.??.??"]

1. e4 c5 2. Nf3 d6 3. d4 cxd4 4. Nxd4 Nf6 5. Nc3 g6 6. f3 Bg7 7. Be3 Nc6 8. Qd2
O-O 9. O-O-O d5 10. Nxc6 bxc6 11. e5 Nd7 12. f4 e6 13. Na4 f6 14. Qc3 Qc7 15.
Nc5 Nxc5 16. Bxc5 fxe5 17. Bxf8 Kxf8 18. Qa3+ Kg8 19. fxe5 Rb8 20. c3 Bxe5 21.
h4 Qb6 22. Kb1 Qf2 23. Bd3 Bd6 24. b4 e5 25. Rhf1 Qxh4 26. Qxa7 Qe7 27. Qxe7
Bxe7 28. a4 e4 29. Bc2 Kg7 30. Bb3 Bf6 31. Kb2 Ba6 32. b5 cxb5 33. Rxd5 Bxc3+
34. Kc2 bxa4 35. Rd7+ Kh6 36. Rh1+ Kg5 37. Bxa4 Rc8 38. Rhxh7 Be5+ 39. Kd1 e3
40. Rd5 e2+ 41. Kd2 Rd8 42. Rhd7 Re8 43. Bb5 Bxb5 {=} 44. Rxb5 Kg4 45. Kxe2
Bg3+ 46. Kd3 Bf4 1/2-1/2

[Event "Championnat de Paris Open A"]
[Site "Paris"]
[Date "2010.07.07"]
[Round "5.21"]
[White "Potrel, Manu"]
[Black "Vallobra, Pierre"]
[Result "0-1"]
[WhiteElo "1852"]
[BlackElo "2114"]
[PlyCount "100"]
[EventDate "2010.??.??"]

1. Nf3 Nf6 2. b3 d5 3. Bb2 c5 4. e3 e6 5. Ne5 Nbd7 6. f4 a6 7. Bd3 b5 8. c4
dxc4 9. bxc4 Nxe5 10. fxe5 Qxd3 11. exf6 gxf6 12. Qf3 Rb8 13. Bxf6 Rg8 14. Qf1
bxc4 15. Qxd3 cxd3 16. O-O Bb7 17. g3 Bd6 18. Nc3 Rg4 19. Rab1 Kd7 20. Rb2 Rb4
21. Nd1 Bd5 22. Bc3 Rxb2 23. Nxb2 f5 24. Nxd3 Bxa2 25. Ra1 Rb1+ 26. Rxb1 Bxb1
27. Ne5+ Kc7 28. Kg2 Ba2 29. Kf3 Be7 30. g4 fxg4+ 31. Kxg4 Bb1 32. Ba5+ Kd6 33.
Nf7+ Kc6 34. Ng5 Bf5+ 35. Kf4 Bd6+ 36. Kf3 Bxh2 37. e4 Bg6 38. Nxe6 Be5 39. d3
Kb5 40. Bd2 Bh5+ 41. Kf2 a5 42. Be3 Bd6 43. Bh6 Be5 44. Be3 a4 45. Nxc5 a3 46.
d4 a2 47. Nb3 Bg7 48. e5 Kc4 49. Na1 Kc3 50. Bc1 Kxd4 0-1

[Event "Championnat de Paris Open A"]
[Site "Paris"]
[Date "2010.07.07"]
[Round "5.22"]
[White "Laurent, Julien G"]
[Black "Said, Eric"]
[Result "1-0"]
[WhiteElo "2291"]
[BlackElo "2049"]
[PlyCount "63"]
[EventDate "2010.??.??"]

1. e4 c5 2. Nf3 d6 3. Bb5+ Bd7 4. Bxd7+ Qxd7 5. O-O Nc6 6. c4 Nf6 7. Nc3 g6 8.
d4 cxd4 9. Nxd4 Bg7 10. Nc2 O-O 11. Rb1 Rac8 12. b3 a6 13. Qe2 Qc7 14. Bb2 Rfe8
15. Rfd1 b6 16. Ne3 Qb7 17. h3 Na7 18. f3 b5 19. Ncd5 Nxd5 20. Nxd5 Bxb2 21.
Rxb2 Nc6 22. Kh2 Ne5 23. Rc1 Nd7 24. Rbc2 e6 25. Ne3 Nf6 26. cxb5 Rxc2 27. bxa6
Rxe2 28. axb7 Nd7 29. Rc8 Kf8 30. Ng4 Rc2 31. Rxe8+ Kxe8 32. Nf6+ 1-0

[Event "Championnat de Paris Open A"]
[Site "Paris"]
[Date "2010.07.07"]
[Round "5.23"]
[White "Regoli, Stephane"]
[Black "Tran, Philippe"]
[Result "0-1"]
[WhiteElo "2290"]
[BlackElo "2005"]
[PlyCount "68"]
[EventDate "2010.??.??"]

1. e4 c5 2. Nf3 d6 3. Bb5+ Bd7 4. Bxd7+ Qxd7 5. O-O Nc6 6. c3 Nf6 7. Re1 e6 8.
d4 d5 9. Ne5 Qd8 10. Nxc6 bxc6 11. Qa4 Qd7 12. e5 Ng8 13. Be3 c4 14. b3 cxb3
15. axb3 Ne7 16. c4 Nf5 17. c5 Be7 18. Nc3 O-O 19. b4 Rfb8 20. Reb1 Nxe3 21.
fxe3 Bg5 22. Kf2 f6 23. b5 fxe5 24. bxc6 Qf7+ 25. Ke2 Rxb1 26. Rxb1 Rf8 27. Nd1
Qf1+ 28. Kd2 Qxg2+ 29. Kc3 exd4+ 30. Kb4 Rb8+ 31. Ka5 Bd8+ 32. Ka6 Rxb1 33. c7
Qf1+ 34. Kxa7 Bxc7 0-1

[Event "Championnat de Paris Open A"]
[Site "Paris"]
[Date "2010.07.07"]
[Round "5.24"]
[White "Troffiguer, Olivier"]
[Black "Aflalo, Sophie"]
[Result "0-1"]
[WhiteElo "2159"]
[BlackElo "2008"]
[PlyCount "88"]
[EventDate "2010.??.??"]

1. d4 Nf6 2. Nf3 g6 3. c4 Bg7 4. Nc3 O-O 5. e4 d6 6. Be2 e5 7. Be3 Nc6 8. d5
Ne7 9. h3 Nh5 10. g4 Nf4 11. Bxf4 exf4 12. Qc2 h6 13. O-O-O c6 14. Kb1 cxd5 15.
exd5 a6 16. Nd4 Bd7 17. Qd2 b5 18. Ne4 bxc4 19. Bxc4 Qb6 20. Rhe1 Ba4 21. Bb3
Bxb3 22. Nxb3 Be5 23. Nec5 Rfd8 24. Qa5 Qa7 25. Nd3 Bg7 26. Nxf4 Qxf2 27. Qd2
Qa7 28. Qe3 Be5 29. Qxa7 Rxa7 30. Re4 a5 31. Ra4 Rda8 32. Nd3 Bg7 33. Nf2 Nc8
34. Re4 Nb6 35. h4 Rc8 36. Re2 a4 37. Nd4 Rb7 38. Ne4 Nxd5 39. Nf3 Rb5 40. Ka1
a3 41. Nxd6 axb2+ 42. Kb1 Nc3+ 43. Kc2 Nxd1+ 44. Nxc8 b1=Q+ 0-1

[Event "Championnat de Paris Open A"]
[Site "Paris"]
[Date "2010.07.07"]
[Round "5.25"]
[White "Chaumont, Adeline"]
[Black "Quach, Charlie"]
[Result "0-1"]
[WhiteElo "2029"]
[BlackElo "2153"]
[PlyCount "66"]
[EventDate "2010.??.??"]

1. d4 Nf6 2. c4 g6 3. Nc3 Bg7 4. e4 d6 5. Nf3 O-O 6. Be2 e5 7. Be3 h6 8. h3
exd4 9. Nxd4 Re8 10. Bf3 Nbd7 11. O-O Nc5 12. Qc2 a5 13. Nb3 Ne6 14. a4 Ng5 15.
Nd2 Qe7 16. Nd5 Nxd5 17. exd5 Qf6 18. Bd1 Qxb2 19. Qxb2 Bxb2 20. Rb1 Bg7 21.
Bc2 b6 22. h4 Nh7 23. Nb3 Bd7 24. Nd4 Nf6 25. Nf3 Ne4 26. Bxe4 Rxe4 27. Rfc1
Bxa4 28. g3 Bd7 29. Nd2 Ree8 30. Nb3 a4 31. Nd4 a3 32. Ra1 Ra4 33. Ra2 Re4 0-1

[Event "Championnat de Paris Open A"]
[Site "Paris"]
[Date "2010.07.07"]
[Round "5.26"]
[White "Pass, Deborah J"]
[Black "Matrand, Arnaud"]
[Result "0-1"]
[WhiteElo "2002"]
[BlackElo "2130"]
[PlyCount "34"]
[EventDate "2010.??.??"]

1. e4 c5 2. c3 d5 3. exd5 Qxd5 4. d4 Nf6 5. Nf3 Nc6 6. Na3 e6 7. Nb5 Qd8 8. Bg5
a6 9. Qa4 Bd7 10. Na3 Nxd4 11. Qd1 Nxf3+ 12. Qxf3 Bc6 13. Qh3 Qd5 14. Be3 Rd8
15. f3 b5 16. c4 Qe5 17. Kf2 Qxb2+ 0-1

[Event "Championnat de Paris Open A"]
[Site "Paris"]
[Date "2010.07.08"]
[Round "6.1"]
[White "Dionisi, Thomas"]
[Black "Duijker, Rick"]
[Result "1/2-1/2"]
[WhiteElo "2183"]
[BlackElo "2241"]
[PlyCount "103"]
[EventDate "2010.??.??"]

1. e4 c5 2. Nf3 Nc6 3. Bb5 Na5 4. c3 a6 5. Ba4 b5 6. Bc2 Bb7 7. d4 cxd4 8. cxd4
Nf6 9. Nbd2 e6 10. O-O Rc8 11. Bd3 Be7 12. Qe2 Qb6 13. b3 Nc6 14. Bb2 Nb4 15.
d5 Nxd3 16. Qxd3 exd5 17. e5 Ne4 18. Nd4 Nc5 19. Qh3 Ne6 20. N2f3 g6 21. Rad1
O-O 22. Qh6 Rfe8 23. Rfe1 Bf8 24. Qh4 Qd8 25. Qg3 Bg7 26. h4 h5 27. Ng5 Nxg5
28. hxg5 Qb6 29. Kh2 Qc7 30. f4 Kh7 31. Rd3 d6 32. e6 Bxd4 33. Bxd4 Rxe6 34.
Rde3 Rce8 35. f5 Re4 36. fxg6+ fxg6 37. Bf6 Qd7 38. Rxe4 Rxe4 39. Rf1 d4 40.
Rf4 Re2 41. Rf2 Re3 42. Qh4 Re4 43. Rf4 d5 44. Rxe4 dxe4 45. Qf4 Kg8 46. Bxd4
Qxd4 47. Qb8+ Kf7 48. Qxb7+ Kf8 49. Qc8+ Ke7 50. Qb7+ Kf8 51. Qc8+ Ke7 52. Qb7+
1/2-1/2

[Event "Championnat de Paris Open A"]
[Site "Paris"]
[Date "2010.07.08"]
[Round "6.2"]
[White "Wunderman, Xavier"]
[Black "Peric, Slavisa"]
[Result "1-0"]
[WhiteElo "2173"]
[BlackElo "2215"]
[PlyCount "69"]
[EventDate "2010.??.??"]

1. e4 e6 2. d4 d5 3. exd5 exd5 4. Bd3 Qf6 5. Nf3 h6 6. O-O Bd6 7. b3 Bg4 8.
Qe1+ Ne7 9. Ne5 Bf5 10. Bxf5 Qxf5 11. Ba3 Qxc2 12. Bxd6 cxd6 13. Na3 Qc7 14.
Rc1 Nbc6 15. Nb5 Qb8 16. Rxc6 dxe5 17. Rc7 Nc6 18. Rxb7 Qd8 19. Nc7+ Kf8 20.
Nxa8 Qxa8 21. Rb5 f6 22. dxe5 Nd4 23. Qb4+ Kf7 24. Rb7+ Kg6 25. f4 Ne6 26. Qe7
Rg8 27. Rf3 Nc5 28. Rxa7 Qf8 29. Qxf8 Rxf8 30. Ra5 Ne4 31. Rxd5 f5 32. a4 Rc8
33. Rd1 Rc2 34. Ra1 Rb2 35. a5 1-0

[Event "Championnat de Paris Open A"]
[Site "Paris"]
[Date "2010.07.08"]
[Round "6.3"]
[White "Emmenecker, Philippe"]
[Black "Aurel, Luc"]
[Result "1-0"]
[WhiteElo "2169"]
[BlackElo "2185"]
[PlyCount "89"]
[EventDate "2010.??.??"]

1. d4 d6 2. c4 Nf6 3. Nc3 Nbd7 4. Nf3 e5 5. Bg5 h6 6. Bxf6 Qxf6 7. e3 g6 8. Qc2
Bg7 9. h4 exd4 10. Nxd4 h5 11. Nd5 Qd8 12. Qe4+ Kf8 13. O-O-O Nc5 14. Qc2 c6
15. Nc3 Qe7 16. e4 Be5 17. Nde2 Qf6 18. f3 Ne6 19. Kb1 Kg7 20. Qd3 Nf4 21. Nxf4
Bxf4 22. Ne2 Be5 23. Qd2 d5 24. f4 Bc7 25. cxd5 cxd5 26. e5 Qf5+ 27. Ka1 Qe6
28. Nd4 Qb6 29. Be2 Qa5 {=} 30. Qd3 Bd7 31. g4 hxg4 32. Rdg1 Bb6 33. Bxg4 Qc5
34. Bxd7 Qxd4 35. Qg3 Rad8 36. e6 Qf6 37. Re1 Bc7 38. Rhf1 a6 39. h5 Rxd7 40.
exd7 Rxh5 41. Qc3 Qxc3 42. bxc3 d4 43. c4 Rh2 44. Re8 Ba5 45. d8=Q 1-0

[Event "Championnat de Paris Open A"]
[Site "Paris"]
[Date "2010.07.08"]
[Round "6.4"]
[White "Gretry, Patrice"]
[Black "Elishev, Ivan"]
[Result "0-1"]
[WhiteElo "2010"]
[BlackElo "2214"]
[PlyCount "62"]
[EventDate "2010.??.??"]

1. e4 d5 2. exd5 Nf6 3. d4 Nxd5 4. c4 Nb6 5. Nf3 g6 6. Nc3 Bg7 7. h3 O-O 8. Be2
Nc6 9. Be3 e5 10. d5 Ne7 11. O-O Nf5 12. Bc5 Re8 13. Rc1 Nd7 14. Ba3 e4 15. Nh2
e3 16. f4 h5 17. Qd3 Nf6 18. Rf3 h4 19. Ng4 Nxg4 20. hxg4 Ng3 21. f5 gxf5 22.
Bc5 fxg4 23. Rxe3 Bf5 24. Rxe8+ Qxe8 25. Qd2 Bxc3 26. bxc3 Nxe2+ 27. Kf2 g3+
28. Kf1 Nxc1 29. Qxc1 Qe4 30. Qg5+ Bg6 31. Bd4 Qf5+ 0-1

[Event "Championnat de Paris Open A"]
[Site "Paris"]
[Date "2010.07.08"]
[Round "6.5"]
[White "Gouanelle, Franck"]
[Black "Rene, Benoit"]
[Result "1/2-1/2"]
[WhiteElo "2158"]
[BlackElo "2299"]
[PlyCount "100"]
[EventDate "2010.??.??"]

1. d4 f5 2. g3 Nf6 3. Bg2 g6 4. Nf3 Bg7 5. O-O O-O 6. b3 d6 7. Bb2 c6 8. Nbd2
Na6 9. c4 Nc7 10. Qc2 Rb8 11. e4 fxe4 12. Nxe4 Nxe4 13. Qxe4 Bf5 14. Qe2 Qd7
15. Rfe1 Rbe8 16. Qf1 Bg4 17. Nd2 g5 18. h3 Bh5 19. Ne4 h6 20. g4 Bg6 21. Ng3
d5 22. Rad1 Ne6 23. Re3 Rf7 24. cxd5 cxd5 25. Qe1 Nf4 26. Bf1 Rc8 27. Rc1 Rxc1
28. Qxc1 Rf6 29. Qe1 {=} 29... e6 30. Qd2 Bf8 31. Ne2 Bd6 32. Qd1 Rf8 33. Nxf4
Bxf4 34. Rc3 Bd6 35. Bd3 Qf7 36. Qc2 Bxd3 37. Rxd3 Qf4 38. Rg3 Kg7 39. Bc1 Qf6
40. Rd3 {=} 40... Qg6 41. Rc3 Qf6 42. Kg2 Rf7 43. Qe2 e5 44. dxe5 Qxe5 45.
Qxe5+ Bxe5 46. Rc5 Rd7 47. Bd2 Kf6 48. Kf3 Ke6 49. Ke2 Rf7 50. Rc8 a6 1/2-1/2

[Event "Championnat de Paris Open A"]
[Site "Paris"]
[Date "2010.07.08"]
[Round "6.6"]
[White "Gervasio, Ricardo"]
[Black "Mircescu, Ovidiu"]
[Result "1-0"]
[WhiteElo "2292"]
[BlackElo "2123"]
[PlyCount "81"]
[EventDate "2010.??.??"]

1. d4 d5 2. c4 dxc4 3. e3 Nf6 4. Bxc4 e6 5. Nf3 c5 6. O-O cxd4 7. exd4 Nc6 8.
Nc3 Be7 9. Re1 O-O 10. a3 b6 11. Bd3 Bb7 12. Bc2 Nd5 13. Qd3 g6 14. Bh6 Re8 15.
h4 Nxc3 16. bxc3 Qd5 17. Qd2 Bf6 18. Qf4 Bg7 19. Bxg7 Kxg7 20. Be4 Qd7 21. h5
f5 22. h6+ Kg8 23. Bb1 Na5 24. Ba2 Bd5 25. Ne5 Qc7 26. Qg5 Qe7 27. Qxe7 Rxe7
28. c4 Be4 29. f3 Bb7 30. d5 Kf8 31. d6 Ree8 32. c5 bxc5 33. Rab1 Bd5 34. Rb5
Bxa2 35. Rxa5 Red8 36. Rxc5 Rxd6 37. Rc7 Bd5 38. Rxh7 g5 39. Rc7 Kg8 40. h7+
Kh8 41. Ng6# 1-0

[Event "Championnat de Paris Open A"]
[Site "Paris"]
[Date "2010.07.08"]
[Round "6.7"]
[White "Pozdnjakov, Viatcheslav"]
[Black "Poelstra, Ben"]
[Result "1/2-1/2"]
[WhiteElo "2208"]
[BlackElo "2117"]
[PlyCount "56"]
[EventDate "2010.??.??"]

1. d4 Nf6 2. Nf3 e6 3. e3 b6 4. Bd3 Bb7 5. O-O d5 6. Ne5 Bd6 7. f4 Nbd7 8. b3
Ne4 9. Bxe4 dxe4 10. Bb2 O-O 11. Nd2 f5 12. Nxd7 Qxd7 13. a4 a5 14. Ba3 Bxa3
15. Rxa3 Ba6 16. Rf2 Qd6 17. Ra1 c5 18. Nf1 Rfd8 19. Rd2 Bxf1 20. Qxf1 cxd4 21.
Rxd4 Qc5 22. Rad1 Rxd4 23. Rxd4 Qxc2 24. Qc4 Qxc4 25. Rxc4 Kf7 26. Rc7+ Kf6 27.
Rb7 Ra6 28. Kf2 h6 {=} 1/2-1/2

[Event "Championnat de Paris Open A"]
[Site "Paris"]
[Date "2010.07.08"]
[Round "6.9"]
[White "Anes, Emmanuel"]
[Black "Dicko, Henri"]
[Result "0-1"]
[WhiteElo "2139"]
[BlackElo "2191"]
[PlyCount "80"]
[EventDate "2010.??.??"]

1. c4 e5 2. Nc3 g6 3. g3 Bg7 4. Bg2 Ne7 5. d3 O-O 6. e3 c6 7. Qb3 Na6 8. Nge2
d6 9. O-O Be6 10. Qd1 Qd7 11. Rb1 d5 12. b3 Rfd8 13. Ba3 h6 14. e4 d4 15. Na4
Rac8 16. c5 Rb8 17. Qd2 b5 18. cxb6 axb6 19. f4 c5 20. Bc1 b5 21. Nb2 c4 22.
bxc4 bxc4 23. dxc4 Bxc4 24. Nxc4 Rxb1 25. Qd3 Qb5 26. Nc3 Nc5 27. Qxb1 Qxc4 28.
Qb6 Ra8 29. Nd5 Nxd5 30. exd5 Rxa2 31. d6 Qe2 32. Qc6 e4 33. Qc8+ Bf8 34. Qh3
Bxd6 35. f5 g5 36. f6 g4 37. Bf3 gxh3 38. Bxe2 Rxe2 39. Bxh6 d3 40. Ra1 Nb3 0-1

[Event "Championnat de Paris Open A"]
[Site "Paris"]
[Date "2010.07.08"]
[Round "6.10"]
[White "Samoun, Florent"]
[Black "Lazo, Xenia"]
[Result "1-0"]
[WhiteElo "2160"]
[BlackElo "2112"]
[PlyCount "41"]
[EventDate "2010.??.??"]

1. e4 e6 2. b3 d5 3. Bb2 Nf6 4. e5 Nfd7 5. f4 c5 6. Nf3 Nc6 7. c3 b6 8. d4 Bb7
9. Nbd2 Be7 10. Bd3 h6 11. Qe2 a6 12. O-O b5 13. f5 Nf8 14. Qf2 Qd7 15. Qg3
exf5 16. Qxg7 Rh7 17. Qg3 Ng6 18. e6 Qxe6 19. Rae1 f4 20. Rxe6 fxg3 21. Rxg6
1-0

[Event "Championnat de Paris Open A"]
[Site "Paris"]
[Date "2010.07.08"]
[Round "6.11"]
[White "Hanchour, Baroudi"]
[Black "Cirlan, Ionut-Gheorghe"]
[Result "1/2-1/2"]
[WhiteElo "2159"]
[BlackElo "2110"]
[PlyCount "206"]
[EventDate "2010.??.??"]

1. e4 c5 2. Nf3 Nc6 3. Nc3 e6 4. Bb5 Nd4 5. O-O a6 6. Be2 d6 7. Re1 Nf6 8. d3
Be7 9. Bf1 O-O 10. Be3 e5 11. h3 b5 12. Bg5 Bb7 13. g3 Ne8 14. Bxe7 Qxe7 15.
Nd5 Bxd5 16. exd5 Qb7 17. Nh4 b4 18. c3 Nb5 19. Qd2 Nec7 20. Bg2 Rab8 21. Nf5
Na8 22. d4 Qd7 23. g4 cxd4 24. cxd4 f6 25. f4 g6 26. Nh6+ Kh8 27. fxe5 fxe5 28.
dxe5 dxe5 29. Rxe5 Qa7+ 30. Kh1 Nd6 31. b3 Rf2 32. Re2 Rxe2 33. Qxe2 Qg7 34.
Re1 Nc7 35. Qe7 Re8 36. Qh4 g5 37. Rxe8+ Ncxe8 38. Qe1 Qxh6 39. Qxb4 Qf6 40. a4
Qa1+ 41. Kh2 Qe5+ 42. Kh1 Qe3 43. Qb8 Qe1+ 44. Kh2 a5 45. Qa7 Qc3 46. Kh1 h6
47. Qe7 Qa1+ 48. Kh2 Qf6 49. Qe1 Qd8 50. b4 axb4 51. Qxb4 Qf6 52. Qa3 Nc4 53.
Qa2 Qe5+ 54. Kh1 Ned6 55. Qb1 Kg7 56. Qc1 Qb2 57. Qxb2+ Nxb2 58. a5 Nbc4 59. a6
Kf6 60. Kh2 Ke5 61. Kg3 Nb6 62. a7 Nb5 63. a8=Q Nxa8 64. d6 Nb6 65. d7 Nxd7 66.
Bc6 Nd4 67. Bxd7 Ke4 68. Bc8 Ke3 69. Ba6 Nb3 70. Bb7 Nd2 71. Bc6 Nf1+ 72. Kg2
Nd2 73. Kg3 Nb1 74. Bb5 Nc3 75. Bc6 Ne2+ 76. Kg2 Nd4 77. Bb7 Kf4 78. Kf2 Ne6
79. Ba8 Nc5 80. Kg2 Nd7 81. Bb7 Ne5 82. Kf2 Nd3+ 83. Kg2 Ke3 84. Ba8 Nf4+ 85.
Kg3 Ne6 86. Bb7 Nd4 87. Ba8 Ne2+ 88. Kg2 Kf4 89. Kf2 Nd4 90. Bb7 Ne6 91. Ba8
Nf8 92. Bc6 Ng6 93. Bb7 Ne5 94. Ba8 Nxg4+ 95. hxg4 Kxg4 96. Bd5 h5 97. Bf7 h4
98. Be6+ Kf4 99. Kg2 g4 100. Bxg4 Kxg4 101. Kh1 Kg3 102. Kg1 h3 103. Kh1 h2
1/2-1/2